Personnalités photographiées avec Albert II de Monaco - Statistiques

Statistiques générales
  • Ce quiz a été pris 187 fois
  • Le résultat moyen est 15 sur 20
Statistiques - réponses
Par images Réponse % Correct
Elizabeth II
99%
Barack Obama
97%
Leonardo DiCaprio
96%
Nicolas Sarkozy
96%
Kylian Mbappé
95%
Brigitte Macron
93%
Vladimir Poutine
92%
Nelson Mandela
91%
Didier Deschamps
90%
Stéphane Bern
89%
François
85%
Valéry Giscard d'Estaing
85%
Patrick Bruel
79%
Roger Federer
74%
Didier Raoult
70%
Grace Kelly
56%
Stéphanie de Monaco
47%
Charlène Wittstock
45%
Rainier III
36%
Shinzo Abe
17%
Aucun quiz correspondant
Distribution des résultats
% des personnes avec chaque résultat
Percentile par nombre de réponses
Votre historique - résultats
Vous n’avez pas pris ce quiz